02233nam a2200481 a 4500001001300000003000900013005001700022008004100039020001800080040002800098043001200126082002400138245021700162260022300379300005900602504002900661650004100690650002900731650005400760650004500814650004200859700002800901700003300929700003600962700002800998700005101026700004301077700002801120700002701148700002501175700003401200700002901234700002801263700003601291700003801327700002901365700003601394942001201430949003301442999001701475952012501492952013401617C01476645c-8CO-ViMGA20230915233142.0150327s2014 ag a gr 00110 spa d z9789877220308 aCO-ViMGAbspacCO-ViMGA acl-----04a330.98 bA53a9 22100aAmérica Latina en medio de la crisis mundial : btrayectorias nacionales y tendencias regionales / cRicardo Antunes, Orlando Caputo Leiva, Claudio Lara Cortés [y otros] ; coordinador Jairo Estrada Álvarez. aBuenos Aires : bConsejo Latinoamericano de Ciencias Sociales, CLACSO ; aBogotá : bUniversidad Nacional de Colombia. Facultad de Derecho, Ciencias Políticas y Sociales. Departamento de Ciencia Política, c2014. a306 páginas : bilustraciones, gráficos ; c24 cm. aIncluye bibliografías.14aEconomíaz América Latina.9501714aEconomíaz Cuba.9502114aCrecimiento económicoz América Latina.9501914aNeoliberalismoz América Latina.9501814aPostneoliberalismoz Argentina.950201 aAntunes, Ricardo.950221 aCaputo Leiva, Orlando.950231 aCarcanholo, Marcelo Dias.950311 aElías, Antonio.950361 aEstrada Álvarez, Jairo, ecoordinador.950281 aGalarce Villavicencio, Graciela.950291 aGambina, Julio C.950261 aGirón, Alicia.950301 aKatz, Claudio.950341 aLara Cortés, Claudio.950241 aMorales, Josefina.950331 aPinazo, Germán.950271 aRodríguez, José Luis.950371 aSaltos Galarza, Napoleón.950251 aSaludjian, Alexis.950321 aVaresi, Gastón Ángel.95035 2ddccBK an bn c35886d35886 00102ddc40708002aMEVIECARbMEVIECARd2016-10-12l0o330.98 A53a9p31251r2016-10-12 00:00:00tEj. 1w2016-10-12yBK 00102ddc40708GENaMEPLOPEZbMEPLOPEZcGENd2025-05-17l0o330.98 A53a9 pPLZ02006r2025-05-17 10:43:36tEj.1w2025-05-17yBK